00627 2200229 4500001002100000005001700021008004100038020001800079035002400097082001000121090001500131245009300146260002800239300003200267500001100299650001400310700002500324850001200349980001500361985000600376999001500382YOGYA-0209000005945220090227034635.0 ind  a979-403-629-3 0010-020900000059452 a372.2 a327.2bDip aDIPLOMASI : ujung tombak perjuangan RI Kumpulan karangancPenyunting Kustiniyati Mochtar aJakartabGramediac1989 axviii, 414 hlmbilusc21 cm aIndeks aDiplomasi aMochtar, Kustiniyati aYOPDYOG a05-08-2008 a1 a93P0046152